| 000 | 00368nam a2200133Ia 4500 | ||
|---|---|---|---|
| 008 | 200924s9999 xx 000 0 und d | ||
| 020 | _a978-192-0744-73-1 | ||
| 100 | _aGill, Bob | ||
| 245 |
_cBob Gill _aBob Gill illustration/ |
||
| 260 |
_aAustralia: _bThe Images Publishing _c2004 |
||
| 300 |
_a125 pages _c25 cm. |
||
| 650 | _aCommecial art | ||
| 650 | _aGraphic arts | ||
| 999 |
_c364455 _d364455 |
||